[Event "Pardubice Czech op-E 33rd"]
[Site "Pardubice"]
[Date "2022.07.16"]
[Round "4.4"]
[White "Pisk, Petr"]
[Black "Kosut, Tomas"]
[Result "1/2-1/2"]
[WhiteElo "2329"]
[BlackElo "1820"]
[PlyCount "40"]
[EventDate "2022.07.14"]
[EventType "team-swiss"]
[EventRounds "7"]
[EventCountry "CZE"]
[SourceTitle "CBM 209 Extra"]
[Source "ChessBase"]
[SourceDate "2022.09.30"]
[SourceVersion "1"]
[SourceVersionDate "2022.09.30"]
[SourceQuality "1"]
[WhiteTeam "Brno Moravska Slavia"]
[BlackTeam "Walkuv Protigambit"]
[WhiteTeamCountry "CZE"]
[BlackTeamCountry "CZE"]

1. d4 Nf6 2. Nf3 e6 3. Bg5 Be7 4. Nbd2 0-0 5. e3 b6 6. Bd3 Bb7 7. 0-0 d6 8. a4 a5 9. Bxf6 Bxf6 10. c3 Nd7 11. Qc2 g6 12. e4 c5 13. Bb5 cxd4 14. cxd4 Rc8 15. Qd3 Bg7 16. Rac1 Nf6 17. Ba6 Qd7 18. Bxb7 Qxb7 19. g3 Bh6 20. Rc3 Rxc3 1/2-1/2